书目信息 |
| 题名: |
冲撞与融合
|
|
| 作者: | 安宇 著 | |
| 分册: | ||
| 出版信息: | 上海 学林出版社 2001.05 |
|
| 页数: | 259页 | |
| 开本: | 21cm | |
| 丛书名: | ||
| 单 册: | ||
| 中图分类: | K250.3 | |
| 科图分类: | ||
| 主题词: | 中国--历史--1840~1949 | |
| 电子资源: | ||
| ISBN: | 7-80668-041-1 | |
| 000 | 00616nam0 2200205 45 | |
| 001 | 0301161407 | |
| 005 | 20041202083531.4 | |
| 010 | @a7-80668-041-1@dCNY12.80 | |
| 100 | @a20030116d2001 km y0chiy0120 ea | |
| 101 | 0 | @achi |
| 105 | @a z 000yy | |
| 200 | 1 | @a冲撞与融合@AChong Zhuang Yu Rong He@e中国近代文化史论@EZhong Guo Jin Dai Wen Hua Shi Lun@f安宇著@FAn Yu Zhu |
| 210 | @a上海@c学林出版社@d2001.05 | |
| 215 | @a259页@d21cm | |
| 517 | @a中国近代文化史论 | |
| 606 | 0 | @a中国@x历史@z1840~1949 |
| 690 | @aK250.3@v4 | |
| 701 | @a安宇@4著 | |
| 801 | @aCN@bTSTC@c20030116 | |
| 905 | @b319480-482@dK250.3@e127@f3 | |
| 冲撞与融合:中国近代文化史论/安宇著.-上海:学林出版社,2001.05 |
| 259页;21cm |
| ISBN 7-80668-041-1:CNY12.80 |
| ● |
| 相关链接 |
|
|
|
|
正题名:冲撞与融合
索取号:K250.3/127
 
预约/预借
| 序号 | 登录号 | 条形码 | 馆藏地/架位号 | 状态 | 备注 |
| 1 | 0319480 | 203194809 | 第二借阅区/ [索取号:K250.3/127] | 在馆 | |
| 2 | 0319481 | 203194818 | 第二借阅区/ [索取号:K250.3/127] | 在馆 | |
| 3 | 0319482 | 203194827 | 第二样本阅览室/ [索取号:K250.3/127] | 在馆 |